000 00483nam a2200181Ia 4500
001 9346
005 20260306161711.0
008 260306t2007||||xx |||||||||||||| ||spa||
041 _aESP
082 _a378.12
_bB135
100 _aBenito, Águeda
_eAUT
245 0 _aNuevas claves para la docencia universitaria:
_ben el espacio europeo de educación superior
260 _c2007
300 _a141 páginas :
_c23 cm.
650 _aGEN
654 _aCED
942 _cLIB
_dJUS
_fJUS
_2ddc
_n
999 _c9346
_d9346